Manažment zmien - kľúčová kompetentnosť manažérov aj na Slovensku
Manažment zmien na Slovensku. Prístupy, koncepty, nástroje a modely manažmentu zmien. Štyri základné stratégie manažéra na uskutočnenie zmeny. Nevyhnutné zručnosti manažéra pri uskutočňovaní zmien. Zainteresovanie pracovníkov a vzbudenie záujmu o zmenu. Manažment zmien v Železničnej spoločnosti Carg...
Na minha lista:
| Autor principal: | |
|---|---|
| Formato: | Capítulo de Livro |
| Idioma: | eslovaco |
| Assuntos: | |
| Tags: |
Sem tags, seja o primeiro a adicionar uma tag!
|
MARC
| LEADER | 00000naa$a2200000$$$4500 | ||
|---|---|---|---|
| 001 | 0045059 | ||
| 005 | 20221207085006.9 | ||
| 041 | 0 | |a slo | |
| 044 | |a SK | ||
| 245 | 1 | 0 | |a Manažment zmien - kľúčová kompetentnosť manažérov aj na Slovensku |c Hana Potocká |
| 520 | |a Manažment zmien na Slovensku. Prístupy, koncepty, nástroje a modely manažmentu zmien. Štyri základné stratégie manažéra na uskutočnenie zmeny. Nevyhnutné zručnosti manažéra pri uskutočňovaní zmien. Zainteresovanie pracovníkov a vzbudenie záujmu o zmenu. Manažment zmien v Železničnej spoločnosti Cargo Slovakia, a.s. | ||
| 610 | 2 | 0 | |a riadenie zmien |
| 610 | 2 | 0 | |a manažéri |
| 610 | 2 | 0 | |a odbornosť |
| 610 | 2 | 0 | |a zručnosti |
| 610 | 2 | 0 | |a modely |
| 610 | 2 | 0 | |a pracovníci |
| 610 | 2 | 0 | |a Slovensko |
| 100 | 1 | |a Potocká, Hana | |